000 00326nam a22001457a 4500
008 210511b ||||| |||| 00| 0 eng d
020 _a9780673990174
041 _aeng
080 _a82
082 _a82
100 _a21
101 _aGJL
245 _aAl Young African American Literature
_cIshmael Reed
942 _2udc
_cBK
999 _c57187
_d57187